Menschen in sprachloser Zeit: zur Orientierung zwischen den Generationen

Saved in:  
Bibliographic Details
Main Author: Hartmann, Walter 1926- (Author)
Format: Print Book
Language:German
Subito Delivery Service: Order now.
Check availability: HBZ Gateway
WorldCat: WorldCat
Interlibrary Loan:Interlibrary Loan for the Fachinformationsdienste (Specialized Information Services in Germany)
Published: Stuttgart Kreuz-Verl. 1973
In: Maßstäbe des Menschlichen (3)
Year: 1973
Edition:1. Aufl., 1. - 5. Tsd
Series/Journal:Maßstäbe des Menschlichen 3
Standardized Subjects / Keyword chains:B Religious pedagogy
Further subjects:B Christian upbringing
B Generation conflict
B Religious pedagogy

MARC

LEADER 00000cam a2200000 c 4500
001 196868440
003 DE-627
005 20250817110503.0
007 tu
008 960426s1973 gw ||||| 00| ||ger c
015 |a 73,A40,0021  |2 dnb 
016 7 |a 73A400021  |2 DE-101 
020 |a 3783104041  |9 3-7831-0404-1 
035 |a (DE-627)196868440 
035 |a (DE-603)074841297 
035 |a (DE-576)043807453 
035 |a (DE-599)GBV196868440 
035 |a (OCoLC)64532984 
035 |a (OCoLC)64532984 
035 |a (AT-OBV)AC04155525 
035 |a (DE-604)8057165319 
040 |a DE-627  |b ger  |c DE-627  |e rakwb 
041 |a ger 
044 |c XA-DE 
084 |a 02a  |2 sdnb 
084 |a 02a  |a 10a  |2 sdnb 
084 |a 1  |2 ssgn 
084 |a BU 1430  |2 rvk  |0 (DE-625)rvk/16827: 
084 |a BH 3240  |2 rvk  |0 (DE-625)rvk/11645: 
084 |a BK 1453  |2 rvk  |0 (DE-625)rvk/11816: 
084 |a 71.34  |2 bkl 
084 |a 81.20  |2 bkl 
100 1 |0 (DE-588)1071508717  |0 (DE-627)825965004  |0 (DE-576)161319092  |4 aut  |a Hartmann, Walter  |d 1926- 
109 |a Hartmann, Walter 1926- 
245 1 0 |a Menschen in sprachloser Zeit  |b zur Orientierung zwischen den Generationen  |c Walter Hartmann 
250 |a 1. Aufl., 1. - 5. Tsd 
264 1 |a Stuttgart  |b Kreuz-Verl.  |c 1973 
300 |a 285 S. 
336 |a Text  |b txt  |2 rdacontent 
337 |a ohne Hilfsmittel zu benutzen  |b n  |2 rdamedia 
338 |a Band  |b nc  |2 rdacarrier 
490 1 |a Maßstäbe des Menschlichen  |v 3 
583 1 |a Archivierung/Langzeitarchivierung gewährleistet  |f PEBW  |x XA-DE-BW  |2 pdager  |5 DE-24 
583 1 |a Archivierung/Langzeitarchivierung gewährleistet  |f SSG  |x XA-DE-BW  |2 pdager  |5 DE-21 
601 |a Sprachlosigkeit 
601 |a Orientierung 
601 |a Generation 
650 0 7 |0 (DE-588)4071703-3  |0 (DE-627)104589450  |0 (DE-576)209184663  |a Generationskonflikt  |2 gnd 
650 0 7 |0 (DE-588)4049412-3  |0 (DE-627)10451681X  |0 (DE-576)209081937  |a Religionspädagogik  |2 gnd 
650 0 7 |0 (DE-588)4010085-6  |0 (DE-627)104598840  |0 (DE-576)208885897  |a Christliche Erziehung  |2 gnd 
689 0 0 |d s  |0 (DE-588)4049412-3  |0 (DE-627)10451681X  |0 (DE-576)209081937  |2 gnd  |a Religionspädagogik 
689 0 |5 DE-101 
689 1 0 |d s  |0 (DE-588)4049412-3  |0 (DE-627)10451681X  |0 (DE-576)209081937  |2 gnd  |a Religionspädagogik 
689 1 |5 (DE-627) 
830 0 |a Maßstäbe des Menschlichen  |v 3  |9 3  |w (DE-627)129401013  |w (DE-576)005753732  |w (DE-600)186548-1  |7 am 
889 |w (DE-627)1955895678 
935 |a mteo 
935 |i Blocktest 
935 |h HEB  |i 0501 
935 |h HEB  |i 0503 
936 r v |a BU 1430  |b Grenzfragen zwischen Erziehungswissenschaft und Theologie  |k Theologie und Religionswissenschaften  |k Religionspädagogik und Katechetik  |k Neuere systematische Werke  |k Grenzfragen zwischen Erziehungswissenschaft und Theologie  |0 (DE-627)1270760424  |0 (DE-625)rvk/16827:  |0 (DE-576)200760424 
936 r v |a BH 3240  |b Theologie und Humanwissenschaften  |k Theologie und Religionswissenschaften  |k Evangelische Dogmatik  |k Spezielle Dogmatik  |k Theologie und Wissenschaft  |k Theologie und Humanwissenschaften  |0 (DE-627)1272614867  |0 (DE-625)rvk/11645:  |0 (DE-576)202614867 
936 r v |a BK 1453  |b evangelisch  |k Theologie und Religionswissenschaften  |k Theologische Ethik/Moraltheologie  |k Gesamtdarstellungen  |k Sonstige (nichtsystematische) Werke zum Gesamtgebiet der Moraltheologie  |k evangelisch  |0 (DE-627)1272652904  |0 (DE-625)rvk/11816:  |0 (DE-576)202652904 
936 b k |a 71.34  |j Altersgruppen  |x Soziologie  |0 (DE-627)10641268X 
936 b k |a 81.20  |j Bildungssoziologie: Allgemeines  |0 (DE-627)106416227 
936 s n |a b100  |2 mzub 
951 |a BO 
ELC |b 1 
ITA |a 1  |t 1 
LOK |0 000 xxxxxcx a22 zn 4500 
LOK |0 001 3293095593 
LOK |0 003 DE-627 
LOK |0 004 196868440 
LOK |0 005 20020213000000 
LOK |0 008 990313||||||||||||||||ger||||||| 
LOK |0 040   |a DE-21  |c DE-627  |d DE-21 
LOK |0 852   |a DE-21 
LOK |0 852 1  |c 13 A 10525  |9 00 
LOK |0 935   |a kram  |a konv 
LOK |0 939   |a 1999-03-13  |b l01 
LOK |0 000 xxxxxcx a22 zn 4500 
LOK |0 001 3293095682 
LOK |0 003 DE-627 
LOK |0 004 196868440 
LOK |0 005 20100408163220 
LOK |0 008 980120||||||||||||||||ger||||||| 
LOK |0 040   |a DE-21-35  |c DE-627  |d DE-21-35 
LOK |0 541   |e 1973/45677 
LOK |0 852   |a DE-21-35 
LOK |0 852 1  |c Pc 3.076-3  |m p  |9 00 
LOK |0 938   |k p 
LOK |0 939   |a 1998-01-20  |b l01 
ORI |a TA-MARC-ixtheoa001.raw 
STA 0 0 |a Christian upbringing,Christian education,Generation conflict,Conflict of generations,Generational conflict,Intergenerational conflict,Cross-generational conflict,Conflict of generations in literature,Religious pedagogy,Religious education 
STB 0 0 |a Conflit de générations,Pédagogie des religions,Éducation chrétienne 
STC 0 0 |a Conflicto generacional,Educación cristiana,Pedagogía de la religión 
STD 0 0 |a Conflitto generazionale,Educazione cristiana,Pedagogia della religione 
STE 0 0 |a 代际冲突,代差,代沟,基督徒培育,基督徒培养,宗教教育 
STF 0 0 |a 代際衝突,代差,代溝,基督徒培育,基督徒培養,宗教教育 
STG 0 0 |a Conflito geracional,Educação cristã,Pedagogia da religião 
STH 0 0 |a Конфликт поколений,Педагогика религии,Христианское воспитание 
STI 0 0 |a Θρησκευτική παιδαγωγική,Σύγκρουση γενεών,Χριστιανική εκπαίδευση 
SYE 0 0 |a Generationenkonflikt,Generationenproblem,Intergeneratives Verhältnis,Generationsproblem,Generation , Christentum